000
00315nam a22001217a 4500
008
190312b xxu||||| |||| 00| 0 eng d
041
_a
eng
080
_a
043.3
100
_a
0
101
_a
INI-BA
245
_a
Roli dhe rëndësia e mbrojtjes në punë në sektorin e ndërtimtarisë
_c
Hajrizi,R
942
_2
udc
_c
BK
999
_c
54730
_d
54730